Редкие металлы
| Auteur principal: | |
|---|---|
| Résumé: | В книге дано описание физических и химических свойств важнейших редких металлов - рения, молибдена, вольфрама, ванадия, ниобия, тантала, титана, циркония, германия, церия, тория, урана, галлия, индия, таллия, бериллия, лития, рубидия, цезия, их технология и методы анализа. Книга рассчитана на инженерно-технических работников промышленности цветных и редких металлов, работников заводских и производственных лабораторий, научных сотрудников исследовательских институтов, преподавателей и студентов металлургических, химико-технологических и химических институтов и техникумов. |
| Langue: | russe |
| Publié: |
Москва, Металлургия, 1964
|
| Édition: | 3-е изд., перераб. и доп. |
| Sujets: | |
| Format: | Livre |
| KOHA link: | https://koha.lib.tpu.ru/cgi-bin/koha/opac-detail.pl?biblionumber=36559 |
MARC
| LEADER | 00000nam0a2200000 4500 | ||
|---|---|---|---|
| 001 | 36559 | ||
| 005 | 20231031002057.0 | ||
| 035 | |a (RuTPU)RU\TPU\book\37033 | ||
| 035 | |a BOOK00003685 | ||
| 090 | |a 36559 | ||
| 100 | |a 20011210d1964 k y0rusy50 ca | ||
| 101 | 0 | |a rus | |
| 102 | |a RU | ||
| 105 | |a a g 001zy | ||
| 200 | 1 | |a Редкие металлы |f О. А. Сонгина | |
| 205 | |a 3-е изд., перераб. и доп. | ||
| 210 | |a Москва |c Металлургия |d 1964 | ||
| 215 | |a 568 с. | ||
| 320 | |a Библиогр.: с. 524-563 (1303 назв.). | ||
| 330 | |a В книге дано описание физических и химических свойств важнейших редких металлов - рения, молибдена, вольфрама, ванадия, ниобия, тантала, титана, циркония, германия, церия, тория, урана, галлия, индия, таллия, бериллия, лития, рубидия, цезия, их технология и методы анализа. Книга рассчитана на инженерно-технических работников промышленности цветных и редких металлов, работников заводских и производственных лабораторий, научных сотрудников исследовательских институтов, преподавателей и студентов металлургических, химико-технологических и химических институтов и техникумов. | ||
| 610 | 1 | |a химия | |
| 610 | 1 | |a редкие металлы | |
| 610 | 1 | |a соединения | |
| 610 | 1 | |a получение | |
| 610 | 1 | |a применение | |
| 610 | 1 | |a редкие элементы | |
| 610 | 1 | |a химические свойства | |
| 675 | |a 621.7М2/8(02) |v 3 | ||
| 700 | 1 | |a Сонгина |b О. А. |g Ольга Альфредовна | |
| 801 | 0 | |a RU |b 63413507 |c 20011210 |g PSBO | |
| 801 | 2 | |a RU |b 63413507 |c 20210127 |g PSBO | |
| 900 | |a Специальная химия 1 | ||
| 900 | |a Химия и технология редких элементов и материалов на их основе | ||
| 942 | |c BK | ||